000 00446nam a2200193Ia 4500
003 LK-CoDNM
005 20240119105113.0
008 010623t1943 xxu||||| |||| 00| 1 sin d
040 _aLK-CoDNM
_dLK-CoDNM
_eLK-CoDNM
041 _asin
080 _a104
_bI 24
100 _aSilva,W.A.
245 _aජූලි හත
246 _aJuly Hatha
260 _bLoko
_aColombo
_c1943
300 _b102p, 21 cm
650 _aNovel
942 _cBK
999 _c100276
_d100276